| Tag |
First Indicator |
Second Indicator |
Subfields |
| LEADER |
00000cam a2200000 a 4500 |
| 001 |
in00005705751 |
| 005 |
20260318180426.6 |
| 006 |
m o d |
| 007 |
cr un||||a|a|| |
| 008 |
100716s2007 enk ob 001 0 eng d |
| 010 |
|
|
|z 2007025753
|
| 040 |
|
|
|a OCLCE
|b eng
|e pn
|c OCLCE
|d N$T
|d LGG
|d ZCU
|d IDEBK
|d UBY
|d OCLCQ
|d E7B
|d EBLCP
|d OCLCQ
|d OCLCF
|d OCLCQ
|d YDXCP
|d DEBSZ
|d MEAUC
|d RDF
|d OCLCQ
|d YDX
|d STBDS
|d Z5A
|d FIE
|d OCLCQ
|d OCLCO
|d CEF
|d MM9
|d U3W
|d AU@
|d YOU
|d OCLCQ
|d AUD
|d OL$
|d OCLCQ
|d HS0
|d OCLCA
|d OCLCQ
|d UCW
|d EZ9
|d OCLCQ
|d K6U
|d INARC
|d REC
|d OCLCO
|d OCLCQ
|d SFB
|d OCLCQ
|d OCLCO
|d OCLCL
|d DXU
|d OCLCQ
|d OCLCO
|d OCLCQ
|
| 015 |
|
|
|a GBA736590
|2 bnb
|
| 016 |
7 |
|
|z 013745752
|2 Uk
|
| 019 |
|
|
|a 213469092
|a 232611820
|a 319064544
|a 427860590
|a 506887108
|a 608576903
|a 648361449
|a 815546676
|a 823831638
|a 823901024
|a 824092374
|a 824142846
|a 956960276
|a 967263950
|a 988795553
|a 1044201030
|a 1051476089
|a 1056345128
|a 1058210528
|a 1060851119
|a 1074933872
|a 1081085248
|a 1086432132
|a 1109326118
|a 1135599440
|a 1153668517
|a 1196345494
|a 1198081164
|a 1256081628
|a 1256379211
|a 1277199641
|a 1285462729
|a 1289740494
|a 1443989057
|a 1450854829
|a 1485503496
|
| 020 |
|
|
|a 9780191522291
|q (electronic bk.)
|
| 020 |
|
|
|a 0191522295
|q (electronic bk.)
|
| 020 |
|
|
|a 1281160032
|
| 020 |
|
|
|a 9781281160034
|
| 020 |
|
|
|a 9780191717048
|
| 020 |
|
|
|a 0191717045
|
| 020 |
|
|
|a 9786611160036
|
| 020 |
|
|
|a 6611160035
|
| 020 |
|
|
|a 1435633822
|
| 020 |
|
|
|a 9781435633827
|
| 020 |
|
|
|z 9780198294511
|
| 020 |
|
|
|z 0198294514
|
| 020 |
|
|
|a 0191606901
|
| 020 |
|
|
|a 9780191606908
|
| 035 |
|
|
|a (OCoLC)648340896
|z (OCoLC)213469092
|z (OCoLC)232611820
|z (OCoLC)319064544
|z (OCoLC)427860590
|z (OCoLC)506887108
|z (OCoLC)608576903
|z (OCoLC)648361449
|z (OCoLC)815546676
|z (OCoLC)823831638
|z (OCoLC)823901024
|z (OCoLC)824092374
|z (OCoLC)824142846
|z (OCoLC)956960276
|z (OCoLC)967263950
|z (OCoLC)988795553
|z (OCoLC)1044201030
|z (OCoLC)1051476089
|z (OCoLC)1056345128
|z (OCoLC)1058210528
|z (OCoLC)1060851119
|z (OCoLC)1074933872
|z (OCoLC)1081085248
|z (OCoLC)1086432132
|z (OCoLC)1109326118
|z (OCoLC)1135599440
|z (OCoLC)1153668517
|z (OCoLC)1196345494
|z (OCoLC)1198081164
|z (OCoLC)1256081628
|z (OCoLC)1256379211
|z (OCoLC)1277199641
|z (OCoLC)1285462729
|z (OCoLC)1289740494
|z (OCoLC)1443989057
|z (OCoLC)1450854829
|z (OCoLC)1485503496
|
| 037 |
|
|
|a 116003
|b MIL
|
| 042 |
|
|
|a dlr
|
| 050 |
|
4 |
|a JA81
|b .O64 2007
|
| 072 |
|
7 |
|a POL
|x 040000
|2 bisacsh
|
| 072 |
|
7 |
|a POL
|x 030000
|2 bisacsh
|
| 072 |
|
7 |
|a POL
|x 018000
|2 bisacsh
|
| 072 |
|
7 |
|a POL
|x 032000
|2 bisacsh
|
| 072 |
|
7 |
|a JPA
|2 bicssc
|
| 082 |
0 |
4 |
|a 320.109182/1
|2 22
|
| 082 |
0 |
4 |
|a 321.009
|
| 084 |
|
|
|a 89.30
|2 bcl
|
| 049 |
|
|
|a TXAM
|
| 100 |
1 |
|
|a Osiander, Andreas.
|1 https://id.oclc.org/worldcat/entity/E39PBJptXbKbwtMxp8KK4778md
|
| 245 |
1 |
0 |
|a Before the state :
|b systemic political change in the West from the Greeks to the French Revolution /
|c Andreas Osiander.
|
| 260 |
|
|
|a Oxford ;
|a New York :
|b Oxford University Press,
|c 2007.
|
| 300 |
|
|
|a 1 online resource (xxi, 564 pages)
|
| 336 |
|
|
|a text
|b txt
|2 rdacontent
|
| 337 |
|
|
|a computer
|b c
|2 rdamedia
|
| 338 |
|
|
|a online resource
|b cr
|2 rdacarrier
|
| 504 |
|
|
|a Includes bibliographical references (pages 511-539) and index.
|
| 505 |
0 |
|
|a Basics -- Greeks and Romans -- The universal community of christendom -- Pre-industrial Europe.
|
| 520 |
8 |
|
|a Charting structural political change from the origins of western civilisation in the pre-Christian Greek world to c1800, this ambitious reassessment of world political development draws on a wealth of historical material and seeks to change the way we think about the nature of the state.
|
| 588 |
0 |
|
|a Print version record.
|
| 538 |
|
|
|a Master and use copy. Digital master created according to Benchmark for Faithful Digital Reproductions of Monographs and Serials, Version 1. Digital Library Federation, December 2002.
|u http://purl.oclc.org/DLF/benchrepro0212
|5 MiAaHDL
|
| 583 |
1 |
|
|a digitized
|c 2010
|h HathiTrust Digital Library
|l committed to preserve
|2 pda
|5 MiAaHDL
|
| 546 |
|
|
|a English.
|
| 650 |
|
0 |
|a Political science
|x History.
|
| 650 |
|
0 |
|a State, The.
|
| 650 |
|
6 |
|a État.
|
| 650 |
|
7 |
|a POLITICAL SCIENCE
|x Government
|x General.
|2 bisacsh
|
| 650 |
|
7 |
|a POLITICAL SCIENCE
|x Government
|x National.
|2 bisacsh
|
| 650 |
|
7 |
|a POLITICAL SCIENCE
|x Reference.
|2 bisacsh
|
| 650 |
|
7 |
|a POLITICAL SCIENCE
|x Essays.
|2 bisacsh
|
| 650 |
|
7 |
|a Political science
|2 fast
|
| 650 |
|
7 |
|a State, The
|2 fast
|
| 650 |
|
7 |
|a Staat
|2 gnd
|
| 650 |
|
7 |
|a Politischer Wandel
|2 gnd
|
| 650 |
1 |
7 |
|a Politieke verandering.
|2 gtt
|
| 650 |
1 |
7 |
|a Politieke ideeën.
|2 gtt
|
| 650 |
1 |
7 |
|a Politieke orde.
|2 gtt
|
| 650 |
1 |
7 |
|a Internationale betrekkingen.
|2 gtt
|
| 651 |
|
7 |
|a Westerse wereld.
|2 gtt
|
| 650 |
|
7 |
|a Staat
|z Europa
|y Geschichte.
|2 idsbb
|
| 650 |
|
7 |
|a Staatslehre
|y Geschichte.
|2 idsbb
|
| 650 |
|
7 |
|a Politischer Wandel.
|2 idszbz
|
| 650 |
|
7 |
|a Staat.
|2 idszbz
|
| 648 |
|
7 |
|a Geschichte 1000 v. Chr.-0.
|2 idszbz
|
| 648 |
|
7 |
|a Geschichte 0-1000.
|2 idszbz
|
| 648 |
|
7 |
|a Geschichte 1000-2000.
|2 idszbz
|
| 648 |
|
7 |
|a Geschichte 800 v. Chr.-1800 n. Chr.
|2 idszbz
|
| 655 |
|
7 |
|a Electronic books.
|2 local
|
| 655 |
|
7 |
|a History
|2 fast
|
| 758 |
|
|
|i has work:
|a Before the state (Text)
|1 https://id.oclc.org/worldcat/entity/E39PCGYFXPXbkF3GJyPBycVgXb
|4 https://id.oclc.org/worldcat/ontology/hasWork
|
| 776 |
0 |
8 |
|i Print version:
|a Osiander, Andreas.
|t Before the state.
|d Oxford ; New York : Oxford University Press, 2007
|w (DLC) 2007025753
|w (OCoLC)132293375
|
| 856 |
4 |
0 |
|u http://proxy.library.tamu.edu/login?url=https://academic.oup.com/book/5955
|z Connect to the full text of this electronic book
|t 0
|
| 955 |
|
|
|a Oxford Scholarship Online
|
| 994 |
|
|
|a 92
|b TXA
|
| 999 |
f |
f |
|i 1c316275-a556-4526-a89e-8c476bcda68c
|s e391c550-3c95-458e-a928-afa5013d5c6d
|t 0
|
| 952 |
f |
f |
|a Texas A&M University
|b College Station
|c Electronic Resources
|s www_evans
|d Available Online
|t 0
|e JA81 .O64 2007
|h Library of Congress classification
|
| 998 |
f |
f |
|a JA81 .O64 2007
|t 0
|l Available Online
|